[Event "South Moravia Region-chT 2223"]
[Site "Czech Republic"]
[Date "2023.01.29"]
[Round "7.8"]
[White "Jirasko, Martin"]
[Black "Keprt, Tomas"]
[Result "0-1"]
[WhiteElo "1500"]
[BlackElo "1500"]
[PlyCount "68"]
[EventDate "2022.10.09"]
[EventType "team-tourn"]
[EventRounds "11"]
[EventCountry "CZE"]
[SourceTitle "EXT 2024"]
[Source "ChessBase"]
[SourceDate "2023.10.10"]
[SourceVersion "1"]
[SourceVersionDate "2023.10.10"]
[SourceQuality "1"]

1. d4 d5 2. Bf4 Nf6 3. Nf3 e6 4. e3 Be7 5. Bd3 0-0 6. Nbd2 b6 7. c3 Nbd7 8. Qc2 c5 9. b3 Bb7 10. Ng5 g6 11. Ndf3 Nh5 12. h4 Ndf6 13. Be5 cxd4 14. exd4 Rc8 15. Nxe6 fxe6 16. Bxg6 Ne4 17. Bxh5 Rxc3 18. Qe2 Qc8 19. 0-0 Ba6 20. Qd1 Bxf1 21. Qxf1 Rc2 22. Bg3 Qc3 23. Bg4 Rf6 24. Re1 Qc6 25. Ne5 Qe8 26. Qd3 Rc3 27. Qe2 Nxg3 28. fxg3 Rxg3 29. Bh5 Qc8 30. Qd2 Qc3 31. Qxc3 Rxc3 32. Ng4 Rf8 33. Rxe6 Bxh4 34. Re7 Bxe7 0-1

[Event "EU-ch U16"]
[Site "Bratislava"]
[Date "2019.08.08"]
[Round "7"]
[White "Dabic, Stjepan"]
[Black "Keprt, Tomas"]
[Result "1/2-1/2"]
[WhiteElo "2043"]
[BlackElo "1438"]
[PlyCount "141"]
[EventDate "2019.08.02"]
[EventType "swiss"]
[EventRounds "9"]
[EventCountry "SVK"]
[SourceTitle "CBM 191 Extra"]
[Source "ChessBase"]
[SourceDate "2019.09.30"]
[SourceVersion "1"]
[SourceVersionDate "2019.09.30"]
[SourceQuality "1"]

1. d4 d5 2. c4 c6 3. cxd5 cxd5 4. Bf4 Nf6 5. e3 Nc6 6. Bd3 e6 7. Nc3 a6 8. Rc1 Bd6 9. Bxd6 Qxd6 10. f4 0-0 11. Nf3 Bd7 12. 0-0 Rac8 13. Ne5 b5 14. b3 Qb4 15. Qe1 Rc7 16. Qh4 h6 17. Nb1 Rfc8 18. Rc5 Be8 19. Bc2 Nxe5 20. a3 Qa5 21. b4 Qb6 22. fxe5 Nd7 23. Rxc7 Rxc7 24. Bd3 Nxe5 25. Qd8 Kf8 26. Be2 Nc4 27. Bxc4 bxc4 28. Nc3 Rc6 29. Qh4 Qc7 30. g4 Qe7 31. Qg3 Rb6 32. e4 Bc6 33. exd5 Bxd5 34. Qf4 Kg8 35. Qe5 Qd6 36. Qxd6 Rxd6 37. Kf2 Kf8 38. Ke3 Ke7 39. h4 f6 40. Kf4 g5+ 41. hxg5 hxg5+ 42. Ke3 Rd8 43. a4 Rh8 44. b5 axb5 45. axb5 Rh3+ 46. Kd2 Rd3+ 47. Kc2 Rxd4 48. b6 Bb7 49. Na4 Rd5 50. Kc3 Ra5 51. Kb4 Ra8 52. Nc5 Bd5 53. Kb5 Kd6 54. b7 Rb8 55. Kb6 Bxb7 56. Nxb7+ Ke5 57. Re1+ Kd5 58. Kc7 Ra8 59. Rd1+ Ke5 60. Re1+ Kf4 61. Rf1+ Kxg4 62. Rxf6 e5 63. Rc6 Ra4 64. Nd6 Kf4 65. Nxc4 g4 66. Kd6 e4 67. Kd5 g3 68. Rf6+ Kg5 69. Rf8 Kg4 70. Ne3+ Kh4 71. Ke5 1/2-1/2

[Event "EU-ch U16"]
[Site "Bratislava"]
[Date "2019.08.04"]
[Round "3"]
[White "Pobor, Milo"]
[Black "Keprt, Tomas"]
[Result "0-1"]
[WhiteElo "2146"]
[BlackElo "1438"]
[PlyCount "68"]
[EventDate "2019.08.02"]
[EventType "swiss"]
[EventRounds "9"]
[EventCountry "SVK"]
[SourceTitle "CBM 191 Extra"]
[Source "ChessBase"]
[SourceDate "2019.09.30"]
[SourceVersion "1"]
[SourceVersionDate "2019.09.30"]
[SourceQuality "1"]

1. e4 c5 2. Nf3 Nc6 3. Bb5 g6 4. 0-0 Bg7 5. Re1 Nf6 6. e5 Nd5 7. Nc3 Nc7 8. Bxc6 bxc6 9. d3 0-0 10. Be3 d6 11. exd6 exd6 12. Bg5 Bf6 13. Bxf6 Qxf6 14. Ne4 Qd8 15. d4 Ne6 16. Qd2 Rb8 17. dxc5 d5 18. Ng3 Rxb2 19. Ne5 Qc7 20. Qc3 Rb5 21. Ng4 d4 22. Nf6+ Kg7 23. Qf3 Rxc5 24. Nge4 Rf5 25. Qh3 Rxf6 26. Nxf6 Kxf6 27. Qxh7 Qf4 28. Qh3 Ng5 29. Qa3 Kg7 30. Qe7 Be6 31. Qc5 Bd5 32. Rad1 Ne6 33. Qxa7 Rh8 34. h3 Qg5 0-1

[Event "Morava-ch U14"]
[Site "Loucna nad Desnou"]
[Date "2017.10.29"]
[Round "9"]
[White "Keprt, Tomas"]
[Black "Dvoracek, Jan Matyas"]
[Result "1/2-1/2"]
[WhiteElo "1488"]
[BlackElo "1328"]
[PlyCount "51"]
[EventDate "2017.10.24"]
[EventType "swiss"]
[EventRounds "9"]
[EventCountry "CZE"]
[SourceTitle "EXT 2020"]
[Source "ChessBase"]
[SourceDate "2019.10.17"]
[SourceVersion "1"]
[SourceVersionDate "2019.10.17"]
[SourceQuality "1"]

1. e4 d6 2. d4 Nf6 3. Nc3 c6 4. Nf3 Qc7 5. Bf4 Nbd7 6. Bd3 e5 7. dxe5 dxe5 8. Bg3 Be7 9. 0-0 0-0 10. h3 b5 11. a3 Bb7 12. Qe2 a6 13. Rad1 c5 14. Qe3 c4 15. Be2 Bc5 16. Qc1 Nxe4 17. Nxe4 Bxe4 18. Rfe1 Bc6 19. b4 Bb6 20. c3 f6 21. Nd4 Bxd4 22. Rxd4 Qb7 23. Rd6 Rad8 24. Red1 Rf7 25. Bg4 Kf8 26. Qd2 1/2-1/2

[Event "Morava-ch U14"]
[Site "Loucna nad Desnou"]
[Date "2017.10.27"]
[Round "6"]
[White "Vaculik, Martin1111"]
[Black "Keprt, Tomas"]
[Result "1-0"]
[WhiteElo "1347"]
[BlackElo "1488"]
[PlyCount "67"]
[EventDate "2017.10.24"]
[EventType "swiss"]
[EventRounds "9"]
[EventCountry "CZE"]
[SourceTitle "EXT 2020"]
[Source "ChessBase"]
[SourceDate "2019.10.17"]
[SourceVersion "1"]
[SourceVersionDate "2019.10.17"]
[SourceQuality "1"]

1. d4 d5 2. c4 c6 3. Nf3 Bf5 4. Nc3 Nf6 5. Bg5 e6 6. e3 Be7 7. Bd3 Bg4 8. 0-0 0-0 9. h3 Bh5 10. Rc1 Nbd7 11. Re1 Rc8 12. cxd5 cxd5 13. Qb3 Bxf3 14. gxf3 Nb6 15. Ne2 Nh5 16. Bxe7 Qxe7 17. Kh2 e5 18. dxe5 Qxe5+ 19. f4 Qf6 20. Ng3 Qh4 21. Kg2 Rfe8 22. a4 g6 23. Rxc8 Nxc8 24. Qxb7 Nxf4+ 25. exf4 Rxe1 26. Qxc8+ Kg7 27. Qc3+ Kg8 28. Qxe1 Qxf4 29. a5 Qc7 30. Qc3 Qb7 31. Qd2 Qc7 32. Be2 Qe5 33. Bf3 d4 34. b4 1-0

[Event "EU-ch U12 26th"]
[Site "Prague"]
[Date "2016.08.21"]
[Round "4"]
[White "Keprt, Tomas"]
[Black "Wolaniecki, Patryk"]
[Result "0-1"]
[WhiteElo "1567"]
[BlackElo "1669"]
[PlyCount "42"]
[EventDate "2016.08.18"]
[EventType "swiss"]
[EventRounds "9"]
[EventCountry "CZE"]
[SourceTitle "CBM 174 Extra"]
[Source "ChessBase"]
[SourceDate "2016.10.10"]
[SourceVersion "1"]
[SourceVersionDate "2016.10.10"]
[SourceQuality "1"]

1. e4 c5 2. Nf3 Nc6 3. d4 cxd4 4. Nxd4 Nf6 5. Nc3 e6 6. Be3 Bb4 7. Nxc6 bxc6 8. Bd3 0-0 9. 0-0 d5 10. exd5 cxd5 11. Ne2 Bd6 12. c4 dxc4 13. Bxc4 Bxh2+ 14. Kh1 Bd6 15. Qc2 Ng4 16. Ng1 Qh4+ 17. Nh3 Bb7 18. f3 Nxe3 19. Qc1 Qg3 20. Nf4 Bxf4 21. Kg1 Qxg2# 0-1

[Event "EU-ch U12 26th"]
[Site "Prague"]
[Date "2016.08.19"]
[Round "2"]
[White "Keprt, Tomas"]
[Black "Torngren, Gustav"]
[Result "0-1"]
[WhiteElo "1567"]
[BlackElo "1764"]
[PlyCount "92"]
[EventDate "2016.08.18"]
[EventType "swiss"]
[EventRounds "9"]
[EventCountry "CZE"]
[SourceTitle "CBM 174 Extra"]
[Source "ChessBase"]
[SourceDate "2016.10.10"]
[SourceVersion "1"]
[SourceVersionDate "2016.10.10"]
[SourceQuality "1"]

1. e4 c5 2. Nf3 Nc6 3. d4 cxd4 4. Nxd4 g6 5. Nc3 Bg7 6. Be3 Nf6 7. Bc4 Qa5 8. 0-0 0-0 9. Qe2 Qc7 10. Rfd1 d6 11. Bb3 Ng4 12. Nxc6 bxc6 13. Bd4 Ne5 14. Rd2 a5 15. h3 Ba6 16. Qe1 Rab8 17. Rb1 Bc8 18. Bxe5 Bxe5 19. Qe2 Bxc3 20. bxc3 a4 21. Bxf7+ Rxf7 22. Rbd1 Qa5 23. Qc4 Qb5 24. Qd4 Be6 25. Ra1 Bxa2 26. Rdd1 Bc4 27. Rdb1 Qxb1+ 28. Rxb1 Rxb1+ 29. Kh2 d5 30. exd5 cxd5 31. Qa7 Ra1 32. Qb8+ Kg7 33. Qb2 Rf1 34. Qa3 R1xf2 35. Qxa4 R2f6 36. Qa7 e5 37. Qe3 Rf5 38. Qc1 Re7 39. Qe3 Rf4 40. Qc5 Ref7 41. Qe3 Re4 42. Qg3 Re2 43. Qg4 Rxc2 44. Qg5 Re2 45. Qh4 h6 46. Qd8 Re1 0-1